Statistics for Countries by last 2 Letters in Western European Languages

Click here to take the quiz!

General Stats

  • This quiz has been taken 898 times
  • The average score is 751 of 1176

Answers on the Map

Answers color-coded by a green-red scale on the quiz's map according to % correct below.
Loading ...
 

Answer Stats

HintHintCountry% Correct
510.1329.1Maurícia
97%
398230.8Nigéria
97%
427.6113Sérvia
97%
243.2214.6Santa Lúcia
97%
610.3247.2Malaysia
97%
57752Rússia
97%
436.7107.1Romênia
97%
423.687.1Polônia
97%
354195.5Mauritania
97%
42398Eslováquia
97%
776.7391.9Nova Zelândia
97%
418328Namíbia
97%
614.2104.1Mongólia
97%
425.5124Albania
97%
614.2104.1Mongolia
97%
444.4102Moldávia
97%
437.8117.9Bulgária
97%
429.5121.7Macedonia
97%
434.376.3Lithuania
97%
418328Namibia
97%
401148Tunísia
97%
450.696Ucrânia
97%
460.3130.6Turquia
97%
414.2100.9Áustria
97%
443.481.2Bielorrússia
97%
243.2214.6St. Lucia
97%
236319Bolívia
97%
608207.9Tailândia
97%
413106.5Eslovénia
97%
459.1282.5Tanzânia
97%
467143Síria
97%
43870.6Latvia
97%
414.360.5Suécia
97%
451.3350.1Suazilândia
97%
359.2239.6Liberia
97%
488230Somália
97%
418108Croazia
97%
354195.5Mauritânia
97%
635.5264Indonesia
97%
43752Finlândia
97%
243.2214.6Saint Lucia
97%
467143Syria
97%
479120Geórgia
97%
344216Gâmbia
97%
216.3247.5Colômbia
97%
482.1179.9Saudi Arabia
97%
427.6113Serbia
97%
465.8259.9Kenia
97%
717.7235.2Estados Federados da
Micronésia
97%
470234.2Etiópia
97%
43964.8Estônia
97%
42398Slovakia
97%
413106.5Slovenia
97%
466.3209.2Eritreia
97%
488230Somalia
97%
430129Grécia
97%
57752Russia
97%
610.3247.2Malásia
97%
597188.5Birmânia
97%
429.5121.7Macedónia
97%
401148Tunisia
97%
434.376.3Lituânia
97%
419.3172.9Líbia
97%
398230.8Nigeria
97%
359.2239.6Libéria
97%
43870.6Letónia
97%
465.8259.9Quênia
97%
436.7107.1Romania
97%
462.3158.9Jordânia
97%
416.4124.2Itália
97%
635.5264Indonésia
97%
556185.9Índia
97%
34143Islândia
97%
459.1282.5Tanzania
97%
424.4103.1Hungria
97%
480.5125Armênia
97%
683342Austrália
97%
556185.9India
97%
243.2214.6Santa Lucía
97%
462.3158.9Giordania
97%
43870.6Lettonia
97%
437.8117.9Bulgaria
97%
413106.5Eslovenia
97%
42398Eslovaquia
97%
419.3172.9Libia
97%
616219.1Cambodia
97%
434.376.3Lituania
97%
236319Bolivia
97%
57752Rusia
97%
436.7107.1Rumania
97%
610.3247.2Malesia
97%
443.481.2Bielorussia
97%
444.4102Moldavia
97%
216.3247.5Colombia
97%
438310Sambia
97%
416.4124.2Italia
97%
597188.5Birmania
97%
418108Croatia
97%
414.2100.9Austria
97%
384.2167.2Algeria
97%
470234.2Etiopia
97%
450.696Ucrania
97%
717.7235.2Stati Federati di
Micronesia
97%
43752Finlandia
97%
480.5125Armenia
97%
683342Australia
97%
386105Francia
97%
616219.1Cambogia
97%
40489.9Germania
97%
460.3130.6Turquía
97%
608207.9Tailandia
97%
430129Grecia
97%
424.4103.1Ungheria
97%
414.360.5Suecia
97%
451.3350.1Suazilandia
97%
459.1282.5Tansania
97%
418108Croácia
97%
610.3247.2Malasia
97%
43964.8Estonia
97%
608207.9Thailandia
97%
443.481.2Bielorrusia
97%
479120Georgia
97%
344216Gambia
97%
460.3130.6Turchia
97%
438310Zambia
97%
425.5124Albânia
97%
429.5121.7República de
Macedonia
97%
384.2167.2Argelia
97%
42398Slovacchia
97%
384.2167.2Argélia
97%
717.7235.2Federated States of
Micronesia
97%
470234.2Ethiopia
97%
418108Croacia
97%
467143Siria
97%
470234.2Etiopía
97%
717.7235.2Estados Federados
de Micronesia
97%
40489.9Alemania
97%
424.4103.1Hungría
97%
34143Islandia
97%
243.2214.6Santa Lucia
97%
423.687.1Polonia
97%
462.3158.9Jordania
97%
401.757Norvegia
97%
43870.6Letonia
97%
438310Zâmbia
97%
414.360.5Svezia
97%
525122.5Uzbekistan
92%
448.5209.5Sudan
92%
545.2133.5Tajikistan
92%
545.2133.5Tagikistan
92%
548122Kirghizistan
92%
513130.6Turkmenistan
92%
449.6239.5Sud Sudan
92%
487.6125Azerbaïdjan
92%
652.9182.1Taiwan
92%
545.2133.5Tadschikistan
92%
533100Kazakistan
92%
461.7146.8Liban
92%
584.1169.4Bhoutan
92%
449.6239.5Südsudan
92%
525122.5Usbekistan
92%
528149.2Afghanistan
92%
449.6239.5South Sudan
92%
535.7164.2Pakistán
92%
462.3158.9Jordan
92%
693.3140Japan
92%
408.5120.7Vatican
92%
501.3152.5Iran
92%
545.2133.5Tadjikistan
92%
528149.2Afganistán
92%
509.33187.2Omán
92%
548122Kyrgyzstan
92%
487.6125Azerbaiyán
92%
652.9182.1Taïwan
92%
584.1169.4Bután
92%
448.5209.5Soudan
92%
487.6125Aserbaidschan
92%
548122Kirguistán
92%
533100Kazajistán
92%
533100Kazakhstan
92%
501.3152.5Irán
92%
513130.6Turkmenistán
92%
525122.5Ouzbékistan
92%
584.1169.4Bhutan
92%
448.5209.5Sudán
92%
509.33187.2Oman
92%
535.7164.2Pakistan
92%
513130.6Turkménistan
92%
652.9182.1Taiwán
92%
545.2133.5Tayikistán
92%
525122.5Uzbekistán
92%
487.6125Azerbaijan
92%
533100Kasachstan
92%
548122Kirgisistan
92%
427.6239Repubblica Centrafricana
90%
221197Repubblica Dominicana
90%
421113Bosnia
ed Erzegovina
90%
234373Argentina
90%
615140.9China
90%
421113Bosnia and
Herzegovina
90%
354232.9Sierra Leona
90%
372127.5España
90%
421113Bosnien und
Herzegowina
90%
435336.1Botswana
90%
615140.9Cina
90%
427.6239República
Centro-Africana
90%
248242Guyana
90%
421113Bósnia e Herzegovina
90%
427.6239República
Centroafricana
90%
248242Guiana
90%
378.2234.5Gana
90%
450.696Ucraina
90%
221197República Dominicana
90%
378.2234.5Ghana
90%
421113Bosnia y Herzegovina
90%
372127.5Spagna
90%
435336.1Botsuana
90%
451.3350.1Swaziland
87%
776.7391.9New Zealand
87%
398.4103.5Switzerland
87%
423.687.1Poland
87%
776.7391.9Neuseeland
87%
608207.9Thailand
87%
43752Finland
87%
430129Griechenland
87%
36382.5Irland
87%
34143Island
87%
57752Russland
87%
36382.5Ireland
87%
40489.9Deutschland
87%
34143Iceland
87%
43752Finnland
87%
43964.8Estland
87%
43870.6Lettland
87%
443.481.2Weißrussland
87%
451.3350.1Swasiland
87%
431365South Africa
85%
41493.8Repubblica Ceca
85%
431365Sudafrica
85%
431365Sudáfrica
85%
192228Costa Rica
85%
242.4209.5Dominica
85%
206200.2Jamaica
85%
398.4103.5Suíça
85%
401.573.5Danimarca
85%
401.573.5Dinamarca
85%
41493.8República Checa
85%
39191Bélgica
85%
386105França
85%
206200.2Giamaica
85%
776.7391.9Nuova Zelanda
81%
14366Canadá
81%
241.4204Antigua and Barbuda
81%
34143Islanda
81%
14366Canada
81%
776.7391.9Nueva Zelanda
81%
241.4204Antigua und Barbuda
81%
36382.5Irlanda
81%
14366Kanada
81%
241.6220.6Grenada
81%
241.4204Antigua y Barbuda
81%
241.4204Antigua e Barbuda
81%
241.6220.6Granada
81%
447.8267.7Rwanda
81%
453.1256.6Ouganda
81%
241.4204Antigua-et-Barbuda
81%
447.8267.7Ruanda
81%
241.4204Antígua e Barbuda
81%
453.1256.6Uganda
81%
266294Brasil
79%
41493.8Tschechien
79%
418108Kroatien
79%
479.4301.4Komoren
79%
216.3247.5Kolumbien
79%
505.5277Seychellen
79%
437.8117.9Bulgarien
79%
266294Brasilien
79%
368235.9Costa de Marfil
79%
236319Bolivien
79%
39191Belgien
79%
397.2114.5Mónaco
79%
413106.5Slowenien
79%
683342Australien
79%
480.5125Armenien
79%
742.1295Salomonen
79%
234373Argentinien
79%
384.2167.2Algerien
79%
372127.5Spanien
79%
425.5124Albanien
79%
488.3208.2Yémen
79%
414.360.5Schweden
79%
467143Syrien
79%
447171.3Ägypten
79%
470234.2Äthiopien
79%
427.6113Serbien
79%
488.3208.2Jemen
79%
436.7107.1Rumänien
79%
423.687.1Polen
79%
657220.6Philippinen
79%
401.757Norwegen
79%
467309.5Mozambico
79%
444.4102Moldawien
79%
354195.5Mauretanien
79%
545.9248.9Malediven
79%
429.5121.7Mazedonien
79%
434.376.3Litauen
79%
419.3172.9Libyen
79%
366153.5Marocco
79%
717.7235.2Föderierte Staaten
von Mikronesien
79%
153129Vereinigte Staaten
79%
462.3158.9Jordanien
79%
416.4124.2Italien
79%
151182México
79%
401148Tunesien
79%
397.2114.5Mônaco
79%
242.7216.8St. Vincent und die
Grenadinen
79%
151182Messico
79%
488.3208.2Iémen
79%
479120Georgien
79%
482.1179.9Saudi-Arabien
79%
635.5264Indonesien
79%
556185.9Indien
79%
414.360.5Sweden
79%
266294Brésil
79%
151182Mexico
79%
397.2114.5Monaco
79%
366153.5Morocco
79%
488.3208.2Yemen
79%
266294Brazil
79%
583181.8Bangladés
72%
505.5277Seychelles
72%
407247Camarões
72%
242.7216.8Saint Vincent and the
Grenadines
72%
502182.5United Arab Emirates
72%
153129United States
72%
657220.6Philippines
72%
242.7216.8Saint-Vincent-et-les-
Grenadines
72%
239.4203.4San Cristóbal y Nieves
72%
479.4301.4Comores
72%
239.4203.4Saint-Christophe-
et-Niévès
72%
545.9248.9Maldives
72%
569.8166.5Népal
71%
361.7127.6Portugal
71%
353.3224.2Guiné
71%
693.3140Giappone
71%
347212Senegal
71%
569.8166.5Nepal
71%
427.6239République
Centrafricaine
71%
354232.9Sierra Leone
71%
423.687.1Pologne
71%
404255.8Guiné Equatorial
71%
429.5121.7Macédoine
71%
742.1295Isole Salomone
71%
347212Sénégal
71%
372127.5Espagne
71%
40489.9Allemagne
71%
242.7216.8Saint Vincent e
Grenadine
71%
234373Argentine
71%
657220.6Filippine
71%
221197République dominicaine
71%
703.7282.4Papua Nova Guiné
71%
450.696Ukraine
71%
664.3290.8Timor oriental
71%
404255.8Guinea Ecuatorial
71%
664.3290.8Timor Oriental
71%
421113Bosnie-Herzégovine
71%
615140.9Chine
71%
218384Chile
69%
218384Cile
69%
404255.8Guinée équatoriale
69%
404255.8Guinea Equatoriale
69%
266294Brasile
69%
459157Israele
69%
385.7225Bénin
68%
372127.5Spain
68%
232235Venezuela
68%
494.3174Bahreïn
68%
494.3174Bahrein
68%
494.3174Baréin
68%
385.7225Benin
68%
408.5113.9Saint-Marin
68%
177.4210Guatemala
68%
420301.2Angola
68%
494.3174Bahrain
68%
402103.1Liechtenstein
68%
385.7225Benín
68%
180.9203.6Belice
67%
510.1329.1Île Maurice
67%
248.9339.7Paraguay
67%
430129Greece
67%
401.757Norway
67%
254.9370.2Uruguay
67%
386105France
67%
430129Grèce
67%
208292Peru
65%
208292Perú
65%
208292Perù
65%
756.2263.4Nauru
65%
703.7282.4Papua Nueva Guinea
63%
703.7282.4Papua-Neuguinea
63%
466.3209.2Eritrea
63%
665.7127Nordkorea
63%
669139South Korea
63%
353.3224.2Guinea
63%
669139Südkorea
63%
703.7282.4Papua Nuova Guinea
63%
404255.8Equatorial Guinea
63%
703.7282.4Papua New Guinea
63%
665.7127North Korea
63%
404255.8Äquatorial-Guinea
63%
242.5226.6Trinidad e Tobago
61%
242.5226.6Trinidad y Tobago
61%
416.9260.5República del Congo
61%
242.5226.6Trinité-et-Tobago
61%
416.9260.5Repubblica del Congo
61%
242.5226.6Trinidad und Tobago
61%
433267.2Democratic Republic
of the Congo
61%
242.5226.6Trinidad and Tobago
61%
416.9260.5République du Congo
61%
433267.2República Democrática
del Congo
61%
416.9260.5Republic of the Congo
61%
394.394.2Lussemburgo
61%
416.9260.5República do Congo
61%
394.394.2Luxemburgo
61%
433267.2Repubblica Democratica
del Congo
61%
383232.4Togo
61%
433267.2République démocratique
du Congo
61%
416.9260.5Republik Kongo
61%
433267.2Demokratische
Republik Kongo
61%
433267.2República Democrática
do Congo
61%
242.7216.8San Vicente y las
Granadinas
58%
184.5210.7Honduras
58%
657220.6Filipinas
58%
242.7216.8São Vicente e
Granadinas
58%
39386.9Pays-Bas
58%
209180.9Bahamas
58%
479.4301.4Comoras
58%
545.9248.9Maldivas
58%
326.7206.9Capo Verde
56%
43752Finlande
56%
495.7176.2Qatar
56%
246.5217Barbade
56%
422.6209.4Chade
56%
776.7391.9Nouvelle-Zélande
56%
486324.3Madagáscar
56%
486324.3Madagaskar
56%
241.6220.6Grenade
56%
326.7206.9Kap Verde
56%
39386.9Niederlande
56%
495.7176.2Katar
56%
326.7206.9Cabo Verde
56%
486324.3Madagascar
56%
36382.5Irlande
56%
556185.9Inde
56%
34143Islande
56%
326.7206.9Cape Verde
56%
414.360.5Suède
56%
597188.5Myanmar
56%
608207.9Thaïlande
56%
495.7176.2Catar
56%
216.3247.5Colombie
55%
377202.2Malí
55%
597188.5Birmanie
55%
377202.2Mali
55%
218384Chili
55%
437.8117.9Bulgarie
55%
236319Bolivie
55%
425.5124Albanie
55%
384.2167.2Algérie
55%
480.5125Arménie
55%
443.481.2Biélorussie
55%
683342Australie
55%
418108Croatie
55%
460.3130.6Turquie
55%
479120Géorgie
55%
424.4103.1Hongrie
55%
243.2214.6Sainte-Lucie
55%
57752Russie
55%
436.7107.1Roumanie
55%
717.7235.2Micronésie
55%
470234.2Éthiopie
55%
427.6113Serbie
55%
43964.8Estonie
55%
42398Slovaquie
55%
418328Namibie
55%
614.2104.1Mongolie
55%
444.4102Moldavie
55%
344216Gambie
55%
413106.5Slovénie
55%
635.5264Indonésie
55%
354195.5Mauritanie
55%
416.4124.2Italie
55%
401148Tunisie
55%
462.3158.9Jordanie
55%
438310Zambie
55%
459.1282.5Tanzanie
55%
43870.6Lettonie
55%
467143Syrie
55%
434.376.3Lituanie
55%
488230Somalie
55%
610.3247.2Malaisie
55%
37786United Kingdom
54%
680.5241.3Palaos
51%
461.7146.8Libanon
51%
366153.5Marrocos
51%
39386.9Países Baixos
51%
204265.5Equador
51%
693.3140Japon
51%
610.3194.9Laos
51%
664.3290.8Osttimor
51%
407247Cameroon
51%
180.4215Salvador
51%
742.1295Islas Salomón
51%
39386.9Países Bajos
51%
366153.5Marruecos
51%
742.1295Salomon
51%
461.7146.8Lebanon
51%
693.3140Japón
51%
664.3290.8East Timor
51%
204265.5Ecuador
51%
406.5264Gabón
51%
246.5217Barbados
51%
180.4215El Salvador
51%
406.5264Gabon
51%
153129Estados Unidos
51%
502182.5Emirados Árabes
Unidos
51%
502182.5Emiratos Árabes
Unidos
51%
479.4301.4Comoros
51%
239.4203.4St. Kitts und Nevis
50%
153129Etats-Unis
50%
206200.2Jamaïque
50%
151182Mexique
50%
239.4203.4Saint Kitts and Nevis
50%
478.8149.9Iraque
50%
467309.5Mozambique
50%
447325Zimbábue
50%
239.4203.4São Cristóvão
e Nevis
50%
502182.5Émirats arabes unis
50%
447325Zimbabue
50%
467309.5Moçambique
50%
39191Belgique
50%
41493.8République tchèque
50%
242.4209.5Dominique
50%
239.4203.4Saint Kitts e Nevis
50%
206190.2Cuba
49%
206190.2Kuba
49%
419.3172.9Libya
48%
465.8259.9Kenya
48%
616219.1Camboya
48%
401.573.5Dänemark
47%
403.3203.9Níger
47%
403.3203.9Niger
47%
401.573.5Denmark
47%
401.573.5Danemark
47%
218196Haití
44%
422.6209.4Ciad
44%
476.4221.6Yibuti
44%
431365Südafrika
44%
422.6209.4Tschad
44%
218196Haïti
44%
502182.5Emirati Arabi Uniti
44%
422.6209.4Chad
44%
153129Stati Uniti
44%
218196Haiti
44%
476.4221.6Gibuti
44%
562235.3Sri Lanka
44%
476.4221.6Dschibuti
44%
422.6209.4Tchad
44%
476.4221.6Djibouti
44%
21272Kiribati
44%
206200.2Jamaika
44%
40489.9Germany
43%
39386.9Netherlands
42%
760.6232.2Marshall Islands
42%
742.1295Solomon Islands
42%
447171.3Egypt
41%
443.481.2Belarus
41%
510.1329.1Mauritius
41%
455.3143.7Cyprus
41%
460.3130.6Turkey
40%
597188.5Birma
39%
509.33187.2Omã
39%
198232.5Panamá
39%
198232.5Panama
39%
254.4248.1Surinam
38%
624.3219.9Vietname
38%
624.3219.9Viêt Nam
38%
624.3219.9Vietnam
38%
254.4248.1Suriname
38%
41493.8Czech Republic
36%
407247Kamerun
36%
427.6239Central African Republic
36%
407247Camerun
36%
406.5264Gabun
36%
221197Dominican Republic
36%
407247Cameroun
36%
407247Camerún
36%
412.9141.1Malta
35%
482.1179.9Arabia Saudita
35%
447171.3Égypte
35%
664.3290.8Timor Leste
35%
401.757Noruega
35%
478.8149.9Iraq
35%
188.2218.1Nicarágua
35%
502182.5Vereinigte Arabische
Emirate
35%
412.9141.1Malte
35%
482.1179.9Arábia Saudita
35%
368235.9Elfenbeinküste
35%
416.4124.2Italy
35%
482.1179.9Arabie Saoudite
35%
665.7127Coréia do Norte
35%
188.2218.1Nicaragua
35%
665.7127Corea del Norte
35%
798.1328.7Tonga
35%
151182Mexiko
33%
37786Royaume-Uni
33%
414.2100.9Österreich
33%
583181.8Bangladesch
33%
37786Vereinigtes Königreich
33%
386105Frankreich
33%
366153.5Marokko
33%
368235.9Côte d'Ivoire
32%
455.3143.7Chypre
32%
616219.1Cambodge
32%
455.3143.7Chipre
32%
614.2256.7Singapore
32%
401.757Norvège
32%
384118.7Andorre
32%
669139Corea del Sur
31%
449.6239.5Sudán del Sur
31%
254.9370.2Uruguai
31%
614.2256.7Singapour
31%
248.9339.7Paraguai
31%
614.2256.7Singapur
31%
204265.5Équateur
31%
447171.3Egito
30%
447171.3Egipto
30%
447171.3Egitto
30%
444360.5Lesoto
30%
37786Regno Unito
30%
669139Corée du Sud
29%
545.2133.5Tajiquistão
29%
449.6239.5Soudan du Sud
29%
525122.5Uzbequistão
29%
513130.6Turquemenistão
29%
37786Reino Unido
29%
638.6246.1Brunei
29%
447.8272.6Burundi
29%
448.5209.5Sudão
29%
431365Afrique du Sud
29%
638.6246.1Brunéi
29%
487.6125Azerbaijão
29%
533100Cazaquistão
29%
208292Pérou
29%
693.3140Japão
29%
802.8307.7Samoa
29%
354232.9Serra Leoa
29%
528149.2Afeganistão
29%
614.2104.1Mongolei
29%
460.3130.6Türkei
29%
669139Corea del Sud
29%
742.1295Ilhas Salomão
29%
584.1169.4Butão
29%
42398Slowakei
29%
535.7164.2Paquistão
29%
406.5264Gabão
29%
548122Quirguistão
29%
501.3152.5Irão
29%
377219Burkina Faso
28%
372127.5Espanha
27%
459157Israel
27%
616219.1Kambodscha
27%
583181.8Bangladesh
27%
459157Israël
27%
40489.9Alemanha
27%
680.5241.3Palau
26%
347.7220.3Guiné-Bissau
26%
703.7282.4Papouasie-Nouvelle-
Guinée
26%
353.3224.2Guinée
26%
487162.9Kuweit
26%
347.7220.3Guinea-Bissau
26%
466.3209.2Érythrée
26%
180.9203.6Belize
26%
361.7127.6Portogallo
26%
419.3172.9Libye
26%
487162.9Kuwait
26%
487162.9Koweït
26%
347.7220.3Guinée-Bissau
26%
461.7146.8Líbano
25%
408.5120.7Ciudad del Vaticano
25%
804.5282.8Tuvalu
25%
408.5113.9San Marino
25%
461.7146.8Libano
25%
408.5120.7Vaticano
25%
408.5120.7Città del Vaticano
25%
398.4103.5Suisse
25%
447325Simbabwe
24%
444360.5Lesotho
24%
447325Zimbabwe
24%
478.8149.9Irak
24%
669139Coréia do Sul
23%
431365África do Sul
23%
449.6239.5Sudão do Sul
23%
456307Malawi
23%
39191Belgium
22%
614.2256.7Singapura
22%
384118.7Andorra
22%
424.4103.1Hungary
22%
398.4103.5Svizzera
22%
755.5318.6Vanuatu
22%
366153.5Maroc
21%
423.7117.8Monténégro
20%
423.7117.8Montenegro
20%
455.3143.7Cipro
20%
395.5260.6São Tomé and Príncipe
18%
395.5260.6São Tomé e Príncipe
18%
395.5260.6Sao Tome e Principe
18%
395.5260.6Sao Tomé-et-Principe
18%
444.4102Moldova
18%
395.5260.6Santo Tomé y Príncipe
18%
395.5260.6São Tomé und
Príncipe
18%
414.2100.9Autriche
17%
394.394.2Luxemburg
17%
221197Dominikanische
Republik
17%
427.6239Zentralafrikanische
Republik
17%
394.394.2Luxembourg
17%
385.7225Benim
17%
467309.5Mosambik
17%
368235.9Costa do Marfim
17%
408.5120.7Vatican City
16%
665.7127Corée du Nord
16%
39386.9Paesi Bassi
16%
782.9320.1Fiji
16%
782.9320.1Fidji
16%
456307Malaui
16%
782.9320.1Figi
16%
398.4103.5Suiza
16%
665.7127Corea del Nord
16%
616219.1Camboja
15%
427.5118.5Kosovo
15%
401148Túnez
14%
39191Belgio
13%
510.1329.1Mauricio
13%
368235.9Costa d'Avorio
13%
782.9320.1Fidschi
12%
326.7206.9Cap-Vert
12%
782.9320.1Fiyi
11%
664.3290.8Timor Est
11%
455.3143.7Zypern
11%
424.4103.1Ungarn
11%
760.6232.2Îles Marshall
11%
368235.9Ivory Coast
11%
760.6232.2Islas Marshall
11%
398.4103.5Schweiz
11%
760.6232.2Ilhas Marshall
11%
760.6232.2Isole Marshall
11%
545.9248.9Maldive
11%
408.5120.7Vatikanstadt
9%
760.6232.2Marshallinseln
9%

Score Distribution

Percentile by Number Answered

Percent of People with Each Score

Your Score History

You have not taken this quiz